[Event "Athens op 05"]
[Site "Athens"]
[Date "2012.05.16"]
[Round "4"]
[White "Frosinos, Ioannis"]
[Black "Liris, Orestis"]
[Result "0-1"]
[WhiteElo "1760"]
[BlackElo "1630"]
[PlyCount "108"]
[EventDate "2012.05.05"]
[EventType "swiss"]
[EventRounds "7"]
[EventCountry "GRE"]
[SourceTitle "EXT 2014"]
[Source "ChessBase"]
[SourceDate "2013.11.20"]
[SourceVersion "1"]
[SourceVersionDate "2013.11.20"]
[SourceQuality "1"]

1. b4 e5 2. Bb2 d6 3. c4 b6 4. e3 Nf6 5. Nc3 Bb7 6. Nf3 Be7 7. Be2 0-0 8. 0-0 h6 9. d4 exd4 10. Nxd4 Re8 11. a3 c5 12. Nf5 Qd7 13. Nxe7+ Qxe7 14. Bf3 Bxf3 15. Qxf3 Nbd7 16. Nd5 Nxd5 17. Qxd5 Nf6 18. Qf3 Ne4 19. Rfd1 Rad8 20. Rac1 Qe6 21. Rd5 Qg6 22. b5 Re6 23. Qf5 Qxf5 24. Rxf5 Nd2 25. Rc2 Nb3 26. Rd5 Na5 27. Rd3 Re4 28. Rdc3 d5 29. f3 Rxc4 30. Kf2 Ra4 31. Bc1 Nb7 32. Rd2 d4 33. exd4 Raxd4 34. Rxd4 Rxd4 35. Re3 Kf8 36. Ke2 Nd6 37. Bb2 Ra4 38. Rb3 f6 39. Bc1 g5 40. Bd2 Ke7 41. Re3+ Kf7 42. Rb3 c4 43. Rb2 Nf5 44. Bb4 Nd4+ 45. Kd1 Nxb5 46. Rd2 a5 47. Rd7+ Ke6 48. Rb7 axb4 49. Rxb6+ Nd6 50. axb4 Ke7 51. g4 Ra2 52. h3 Rb2 53. Kc1 Rh2 54. Kd1 Rxh3 0-1

[Event "Nikaia Fysiolatriko op 09th"]
[Site "Nikaia"]
[Date "2011.06.20"]
[Round "6"]
[White "Liris, Orestis"]
[Black "Kafantaris, Alexios Nikolaos"]
[Result "1-0"]
[WhiteElo "1517"]
[BlackElo "1558"]
[PlyCount "131"]
[EventDate "2011.06.16"]
[EventType "swiss"]
[EventRounds "9"]
[EventCountry "GRE"]
[SourceTitle "CBM 143 Extra"]
[Source "ChessBase"]
[SourceDate "2011.08.29"]
[SourceVersion "1"]
[SourceVersionDate "2011.08.29"]
[SourceQuality "1"]

1. e4 c5 2. Bc4 e6 3. Nc3 Nc6 4. Nf3 a6 5. a4 Nf6 6. d3 Be7 7. 0-0 d5 8. Bb3 d4 9. Ne2 0-0 10. Bf4 Nh5 11. Qd2 Nxf4 12. Qxf4 Bd6 13. Qg4 e5 14. Qh5 h6 15. Ng3 Qf6 16. Nd2 Be6 17. Nc4 Bxc4 18. Bxc4 Ne7 19. Qg4 Rfd8 20. Nh5 Qg6 21. Qxg6 Nxg6 22. Ng3 a5 23. Nf5 b6 24. h4 Ne7 25. Nxd6 Rxd6 26. f4 Ng6 27. Bd5 Rb8 28. fxe5 Nxe5 29. Rf5 Re8 30. Raf1 Re7 31. R5f4 Rg6 32. Kh1 Rg4 33. Kh2 Rxf4 34. Rxf4 h5 35. Kg3 Ng4 36. Bb3 Ne3 37. c3 Ng4 38. cxd4 cxd4 39. Rf5 g6 40. Rd5 Ne5 41. Rxd4 Rd7 42. Rxd7 Nxd7 43. d4 Nf6 44. Kf4 Ng4 45. Bc4 Kf8 46. e5 Ke7 47. d5 Nf2 48. d6+ Ke8 49. Bb5+ Kd8 50. Be2 Kd7 51. Bb5+ Ke6 52. Bc4+ Kd7 53. Kf3 Ng4 54. Kf4 Nf2 55. b3 Nd1 56. Bxf7 Nc3 57. Bxg6 Nd5+ 58. Kg5 Ne3 59. Bf5+ Kd8 60. e6 Nd5 61. e7+ Nxe7 62. dxe7+ Kxe7 63. Kxh5 Kf6 64. g4 Kg7 65. Bd7 Kh7 66. Kg5 1-0